00394pab a2200133 454500008004000000100002500040245009300065260000900158300001600167362001100183650002000194650001200214773003400226180718b2007 xxu||||| |||| 00| 0 eng d aDasgupta, Sabyasachi aThe rebel army in 1857: at the vanguard of the war of independence or a tyranny of arms? c2007 ap.1729-733. a12 May aIndia - History aHistory aEconomic and Political Weekly